00926nam a2200181 a 4500008004100000050001800041100002700059245006100086250001300147260002600160300002300186350000900209995013100218995013200349999001700481952012300498952012300621120416s1987 ||||||||||||||||| || u aQA 276.12 Pfa aPfaffenberger, Roger C10aStatistical methods for business and economics (3rd Ed.) a3rd. ed. aHomewoodbIrwinc1987 axiv, 1246p. : ill. a0.00 aSHORT LOAN BOOKSD0.00e724907FCBU-MAIN LIBRARY (Kitwe)H2I29.95jQA 276.12 PfaM2UAVAILABLEy011431ZShort Loan Collection aBINDERY (DAMAGED)D0.00e724908FCBU-MAIN LIBRARY (Kitwe)H1I29.95jQA 276.12 PfaM1UAVAILABLEy020431ZShort Loan Collection c76772d76772 00102lcc4070a001b001cShort Loan Collectiond2023-04-25l0oQA 276.12 Pfap011431r2023-04-25t1w2023-04-25y015 00102lcc4070a001b001cShort Loan Collectiond2023-04-25l0oQA 276.12 Pfap020431r2023-04-25t2w2023-04-25y015